| 000 | 00708nam a2200193Ia 4500 | ||
|---|---|---|---|
| 003 | GCL | ||
| 008 | 140319s9999 xx 000 0 ara d | ||
| 040 |
_aGCL / _cGCL |
||
| 082 | 0 | 4 |
_a346.04 _bع ا |
| 100 | 1 | _aعبدالناصر توفيق العطار | |
| 245 | 1 | 0 |
_aاثبات الملكية بالحيازة وبالوصية فى قضاء محكمة النقض المصرية(دراسة مقارنة) / _cعبدالناصر توفيق العطار |
| 260 |
_a[S.N] : _bلجنة الاعلام والدراسات المستقبلية ، _c1978 |
||
| 300 | _a299 ص | ||
| 490 | _a | ||
| 650 | 0 | 4 | _aالقانون |
| 650 | 0 | 4 | _aقانون الملكية |
| 650 | 0 | 4 | _aالحيازة |
| 942 |
_2ddc _cBK |
||
| 999 |
_c42442 _d42442 |
||